Logo BPK

Biblioteka

Politechniki Koszalińskiej

Układy zbiorowe pracy po nowelizacji / (Rekord nr 53824)

Szczegóły MARC
000 -ETYKIETA REKORDU
podpole kontrolne o stałej długości 00787nam a2200253 i 4500
001 - NUMER KONTROLNY REKORDU
pole kontrolne bg
020 ## - MIĘDZYNARODOWY ZNORMALIZOWANY NUMER KSIĄŻKI - ISBN
ISBN 8388616064
040 ## - ŹRÓDŁO KATALOGOWANIA
Instytucja, która utworzyła rekord BPK
041 0# - KOD JĘZYKA
Kod języka tekstu pol
044 ## - KOD KRAJU WYDAWCY/PRODUCENTA
Kod kraju wydawcy/producenta POL
080 ## - UNIWERSALNA KLASYFIKACJA DZIESIĘTNA - UKD
UKD 349.22
080 ## - UNIWERSALNA KLASYFIKACJA DZIESIĘTNA - UKD
UKD 331.106
920 ## - Międzynarodowy znormalizowany numer książki – ISBN
ISBN 83-88616-06-4
008 - POLE O STAŁEJ DŁUGOŚCI - DANE KONTROLNE
podpole kontrolne o stałej długości 130116s pl a f |000 0 pol
100 1# - NAZWA OSOBOWA
Nazwa osobowa Jelińska, Urszula.
245 00 - TYTUŁ/ODPOWIEDZIALNOŚĆ
Tytuł Układy zbiorowe pracy po nowelizacji /
Pozostałe elementy strefy tytułu i oznaczenia odpowiedzialności Urszula Jelińska.
260 ## - STREFA ADRESU WYDAWNICZEGO
Miejsce wydania Warszawa :
Nazwa wydawcy/dystrybutora Wydawnictwo "Biblioteczka Pracownicza",
Data publikacji, dystrybucji/powstania dokumentu 2001.
300 ## - STREFA OPISU FIZYCZNEGO
Objętość 127, [1] s. ;
Rozmiary 21 cm.
490 1# - STREFA SERII I DOKUMENTU WIELOCZĘŚCIOWEGO - FORMA NIE DO WYSZUKIWANIA
Tytuł i oznaczenie odpowiedzialności serii Biblioteczka Pracownicza ;
Numeracja w obrębie serii poradnik 117
650 #9 - HASŁO PRZEDMIOTOWE W FORMIE NAZWY OGÓLNEJ LUB JEDNOSTKOWEJ
Nazwa ogólna lub geograficzna Umowy zbiorowe
Określnik ogólny prawo
Określnik geograficzny Polska
Określnik chronologiczny stan na 2000 r.
650 #9 - HASŁO PRZEDMIOTOWE W FORMIE NAZWY OGÓLNEJ LUB JEDNOSTKOWEJ
Nazwa ogólna lub geograficzna Związki zawodowe
Określnik ogólny prawo
-- zagadnienia
Określnik geograficzny Polska
Określnik chronologiczny stan na 2000 r.
830 #0 - HASŁO DODATKOWE SERII LUB DOKUMENTU WIELOCZĘŚCIOWEGO - TYTUŁ UJEDNOLICONY
Tytuł ujednolicony Biblioteczka Pracownicza ;
Oznaczenie tomu poradnik 117
856 ## - LOKALIZACJA I DOSTĘP DO ELEKTRONICZNYCH DOKUMENTÓW ZDALNYCH
Link (URL) http://koha.tu.koszalin.pl/cgi-bin/koha/opac-detail.pl?biblionumber=53824
Tekst linku Katalog online BPK
942 ## - DODATKOWE ELEMENTY (KOHA)
Typ dokumentu Książka
Egzemplarze
Wycofany Status egzemplarza Uszkodzony Dostępność Lokalizacja stała Lokalizacja bieżąca Miejsce przechowywania Sygnatura Kod kreskowy Typ dokumentu
      Dostępny Biblioteka Politechniki Koszalińskiej Biblioteka Politechniki Koszalińskiej Wypożyczalnia BG S 1605 02524467 Książka
© 2023 Biblioteka Politechniki Koszalińskiej :: KOHA